Estatísticas para As 10 maiores Regiões Metropolitanas do Brasil por População

Clique aqui para jogar o quiz

Estatísticas Gerais

  • Esse quiz foi jogado 57 vezes
  • A pontuação média é 9 de 10

Estatísticas das Respostas

PopulaçãoRegião Metropolitana% Correto
11.8 miRio de Janeiro
100%
19.6 miSão Paulo
100%
5.4 miBelo Horizonte
96%
3.5 miSalvador
96%
3.9 miPorto Alegre
94%
3.6 miRecife
91%
3.1 miCuritiba
89%
3.6 miFortaleza
83%
3.7 miBrasília
81%
2.7 miCampinas
64%

Distribuição das Pontuações

Percentil de Números Respondidos

Porcentagem de Pessoas com Cada Pontuação

Sua Pontuação Histórica

Você não jogou esse quiz